MARC

LEADER 00000cam a2200000 a 4500
001 010669
003 UAHC_CL
005 20170803120712.0
008 010822b xx j 000 1 eng
040 |a UAHC_CL  |c UAHC_CL  |d UAHC_CL 
082 0 4 |a 338.9 M375 
100 1 |a Martner, Gonzalo  |d 1928- 
245 1 0 |a Chile hacia el 2000. Desafíos y opciones /  |c Gonzalo Martner coord. 
260 |a Caracas  |b Nueva Sociedad  |c 1988 
300 |a 2 v. 
650 4 |a DESARROLLO ECONOMICO  |z CHILE 
700 1 |a Villa, Miguel 
700 1 |a Martínez, Javier 
700 1 |a Brunner, José Joaquin 
700 1 |a Núñez, Iván 
700 1 |a Maira, Luis  |d 1940- 
700 1 |a Garretón M., Manuel Antonio 
700 1 |a Ottone, Ernesto 
700 1 |a Varas, Augusto 
700 1 |a Puccio, Osvaldo 
700 1 |a Campero, Guillermo 
700 1 |a Parada, Soledad 
900 |a 338.9 CHIL 
942 |c BK 
952 |0 0  |1 0  |4 0  |6 338_900000000000000_CHIL  |7 0  |8 General  |9 21863  |a BC  |b BC  |c General  |d 2017-08-03  |l 0  |o 338.9 CHIL  |p 1309465  |r 2026-01-13 00:00:00  |t 1  |w 2017-08-03  |y BK 
952 |0 0  |1 0  |4 0  |6 338_900000000000000_CHIL  |7 0  |8 General  |9 21864  |a BC  |b BC  |c General  |d 2017-08-03  |l 0  |o 338.9 CHIL  |p 1309467  |r 2026-01-13 00:00:00  |t 2  |w 2017-08-03  |y BK 
999 |c 10669  |d 10669